[Event "DVM U10 2016"]
[Site "Magdeburg GER"]
[Date "2016.12.28"]
[Round "5"]
[White "Sassenscheidt, Julius"]
[Black "Ngucaj, Paul"]
[Result "0-1"]
[Termination "normal"]
[Board "10.4"]
[WhiteElo "787"]
[BlackElo "993"]
[WhiteTeam "DJK Arminia Eilendorf"]
[BlackTeam "BSG Grün-Weiß Leipzig"]
[PlyCount "56"]
[WhiteFideId "16258509"]
[EventCountry "GER"]
[EventRounds "7"]
[EventType "team-swiss"]
[EventDate "2016.12.27"]

1. c4 e5 2. Nc3 Nf6 3. Nf3 e4 4. Ng5 h6 5. Ngxe4 Nxe4 6. Nxe4 Nc6 7. d4 d5 8.
cxd5 Qxd5 9. Nc3 Qxd4 10. Qxd4 Nxd4 11. Rb1 Nc2+ 12. Kd1 Nd4 13. e3 Nc6 14. Bb5
Bf5 15. Ra1 Rd8+ 16. Bd2 Bc5 17. Bxc6+ bxc6 18. Re1 O-O 19. e4 Bg6 20. Kc1 Bxf2
21. Rf1 Bh4 22. g3 Bg5 23. Bxg5 hxg5 24. e5 Rfe8 25. h4 gxh4 26. gxh4 Rxe5 27.
Rf4 Re1+ 28. Nd1 Rdxd1# 0-1

[Event "DVM U10 2016"]
[Site "Magdeburg GER"]
[Date "2016.12.28"]
[Round "5"]
[White "Hecht, Jonas Christian"]
[Black "Werner, Rosalie"]
[Result "1-0"]
[Termination "normal"]
[Board "11.1"]
[WhiteElo "1381"]
[BlackElo "1384"]
[WhiteTeam "SC Kreuzberg"]
[BlackTeam "VSG 1880 Offenbach"]
[PlyCount "79"]
[WhiteFideId "16214846"]
[BlackFideId "16223748"]
[EventCountry "GER"]
[EventRounds "7"]
[EventType "team-swiss"]
[EventDate "2016.12.27"]

1. e4 e6 2. d4 d5 3. Nc3 Nf6 4. e5 Nfd7 5. Be3 c5 6. f4 Nc6 7. Nf3 Qb6 8. a3 a6
9. Be2 Be7 10. O-O O-O 11. Na4 Qa5 12. c3 cxd4 13. cxd4 b5 14. Nc3 Bb7 15. Qe1
Rac8 16. Qg3 b4 17. axb4 Qxb4 18. f5 exf5 19. Bh6 g6 20. Bxf8 Kxf8 21. Nxd5
Qxb2 22. Bxa6 Bxa6 23. Rxa6 Qb5 24. Nxe7 Nxe7 25. Raa1 Nd5 26. Rfb1 Qd3 27. e6
Qe3+ 28. Kh1 Qxe6 29. Ng5 Qc6 30. h3 Kg7 31. Rc1 Qb7 32. Rxc8 Qxc8 33. Nf3 Qc3
34. Ra7 N7f6 35. Qe1 Qc8 36. Ne5 Qe8 37. Rxf7+ Kh6 38. Qh4+ Nh5 39. g4 fxg4 40.
Nxg4# 1-0

[Event "DVM U10 2016"]
[Site "Magdeburg GER"]
[Date "2016.12.28"]
[Round "5"]
[White "Hentschker, Josefin"]
[Black "Held, Momme Fredrik"]
[Result "0-1"]
[Termination "normal"]
[Board "11.2"]
[WhiteElo "957"]
[BlackElo "1085"]
[WhiteTeam "VSG 1880 Offenbach"]
[BlackTeam "SC Kreuzberg"]
[PlyCount "44"]
[WhiteFideId "16255810"]
[BlackFideId "16237692"]
[EventCountry "GER"]
[EventRounds "7"]
[EventType "team-swiss"]
[EventDate "2016.12.27"]

1. e4 e5 2. Nf3 Nc6 3. Bc4 Nf6 4. Nc3 Nxe4 5. Nxe4 d5 6. Bxd5 Qxd5 7. Nc3 Qd8
8. d3 Bc5 9. Be3 Bd4 10. Bxd4 exd4 11. Nb5 a6 12. Nc3 dxc3 13. bxc3 O-O 14. h3
Re8+ 15. Kf1 Bf5 16. g4 Be6 17. Kg1 Qf6 18. c4 Bd7 19. Rh2 Re7 20. Qd2 Qxf3 21.
Rf1 Nd4 22. Qc3 Ne2# 0-1

[Event "DVM U10 2016"]
[Site "Magdeburg GER"]
[Date "2016.12.28"]
[Round "5"]
[White "Lieske, Aaron"]
[Black "Dixon, Laura Michaela"]
[Result "1/2-1/2"]
[Termination "normal"]
[Board "11.3"]
[WhiteElo "1001"]
[BlackElo "906"]
[WhiteTeam "SC Kreuzberg"]
[BlackTeam "VSG 1880 Offenbach"]
[PlyCount "67"]
[WhiteFideId "16297938"]
[BlackFideId "16248708"]
[EventCountry "GER"]
[EventRounds "7"]
[EventType "team-swiss"]
[EventDate "2016.12.27"]

1. e4 e5 2. Nf3 Nc6 3. Bc4 Bc5 4. Nc3 Nf6 5. d3 h6 6. O-O d6 7. h3 O-O 8. Be3
Bxe3 9. fxe3 Be6 10. b3 d5 11. exd5 Nxd5 12. Nxd5 Bxd5 13. Bxd5 Qxd5 14. e4 Qd6
15. Qd2 Rad8 16. Nh4 Qd4+ 17. Qf2 Qxf2+ 18. Rxf2 Nd4 19. Raf1 c5 20. Nf5 Nxf5
21. Rxf5 f6 22. R5f2 b6 23. Rd1 c4 24. Rfd2 cxd3 25. Rxd3 Rxd3 26. Rxd3 g5 27.
Rd7 Ra8 28. Rd6 Kg7 29. Kf2 Kg6 30. g4 h5 31. Ke3 Rc8 32. c3 hxg4 33. hxg4 Rh8
34. Rd2 1/2-1/2

[Event "DVM U10 2016"]
[Site "Magdeburg GER"]
[Date "2016.12.28"]
[Round "5"]
[White "Scheel, Benjamin"]
[Black "Varykhalov, Roman"]
[Result "0-1"]
[Termination "normal"]
[Board "11.4"]
[WhiteElo "600"]
[BlackElo "803"]
[WhiteTeam "VSG 1880 Offenbach"]
[BlackTeam "SC Kreuzberg"]
[PlyCount "30"]
[EventCountry "GER"]
[EventRounds "7"]
[EventType "team-swiss"]
[EventDate "2016.12.27"]

1. e4 e5 2. Nf3 Nc6 3. Bc4 Nf6 4. Nc3 Bc5 5. d3 h6 6. O-O O-O 7. a3 d6 8. b4
Bd4 9. Bb2 Qd7 10. Bb5 Qg4 11. Bxc6 bxc6 12. h3 Qg6 13. Rb1 Bxh3 14. g3 Qxg3+
15. Kh1 Qg2# 0-1

[Event "DVM U10 2016"]
[Site "Magdeburg GER"]
[Date "2016.12.28"]
[Round "5"]
[White "Mimkes, Antal"]
[Black "Lerchl, Clemens"]
[Result "1/2-1/2"]
[Termination "normal"]
[Board "12.1"]
[WhiteElo "1168"]
[BlackElo "1499"]
[WhiteTeam "KSV Rochade Göttingen"]
[BlackTeam "SC Vaterstetten"]
[PlyCount "50"]
[WhiteFideId "16265963"]
[BlackFideId "16226372"]
[EventCountry "GER"]
[EventRounds "7"]
[EventType "team-swiss"]
[EventDate "2016.12.27"]

1. e4 Nf6 2. Nc3 d5 3. exd5 Nxd5 4. d4 Nc6 5. Nf3 Nb6 6. Bb5 Bd7 7. O-O a6 8.
Bd3 g6 9. Be3 Bg7 10. Qd2 O-O 11. Bh6 Re8 12. Rae1 Nxd4 13. Nxd4 Bxd4 14. Bc4
Bg7 15. Bxg7 Kxg7 16. Bb3 Bc6 17. Qf4 Qd6 18. Qxf7+ Kh8 19. Ne4 Bxe4 20. Rxe4
Qf6 21. Rfe1 Rf8 22. Qxf6+ exf6 23. Re7 Rac8 24. Be6 Rce8 25. Bb3 Rc8 1/2-1/2

[Event "DVM U10 2016"]
[Site "Magdeburg GER"]
[Date "2016.12.28"]
[Round "5"]
[White "Kraftsik, Christian"]
[Black "Lesser, Luan"]
[Result "1-0"]
[Termination "normal"]
[Board "12.2"]
[WhiteElo "1136"]
[BlackElo "869"]
[WhiteTeam "SC Vaterstetten"]
[BlackTeam "KSV Rochade Göttingen"]
[PlyCount "57"]
[WhiteFideId "16242548"]
[BlackFideId "34640150"]
[EventCountry "GER"]
[EventRounds "7"]
[EventType "team-swiss"]
[EventDate "2016.12.27"]

1. e4 e5 2. Nf3 Nc6 3. Bc4 Nf6 4. Ng5 d5 5. exd5 Nxd5 6. Nxf7 Kxf7 7. Qf3+ Ke6
8. Nc3 Ncb4 9. O-O c6 10. Qe4 b5 11. Bb3 a5 12. a3 a4 13. axb4 Bd7 14. Bxd5+
cxd5 15. Qxd5+ Ke7 16. Qxe5+ Be6 17. Re1 Ra6 18. Nd5+ Kf7 19. Nc7 Rb6 20. Nxe6
Qe7 21. Ng5+ Ke8 22. d3 h6 23. Nf3 Re6 24. Qb8+ Kf7 25. Qf4+ Kg8 26. Rxe6 Qxe6
27. Bd2 Bd6 28. Qd4 Qf6 29. Qd5+ 1-0

[Event "DVM U10 2016"]
[Site "Magdeburg GER"]
[Date "2016.12.28"]
[Round "5"]
[White "Lerchl, Justus"]
[Black "Liebetanz, Arthur"]
[Result "1-0"]
[Termination "normal"]
[Board "12.4"]
[WhiteElo "951"]
[BlackElo "600"]
[WhiteTeam "SC Vaterstetten"]
[BlackTeam "KSV Rochade Göttingen"]
[PlyCount "39"]
[WhiteFideId "16240677"]
[EventCountry "GER"]
[EventRounds "7"]
[EventType "team-swiss"]
[EventDate "2016.12.27"]

1. e4 e5 2. d4 exd4 3. c3 dxc3 4. Bc4 c2 5. Qxc2 Nc6 6. Qb3 d5 7. Bxd5 Be6 8.
Bxe6 fxe6 9. Qxe6+ Nge7 10. Nf3 Qc8 11. Qxc8+ Rxc8 12. Bf4 Nb4 13. Nd4 Rd8 14.
Be5 Nec6 15. Nxc6 Rd5 16. Nxb4 Bxb4+ 17. Nc3 O-O 18. O-O Re8 19. Bxc7 Bxc3 20.
bxc3 1-0

[Event "DVM U10 2016"]
[Site "Magdeburg GER"]
[Date "2016.12.28"]
[Round "5"]
[White "Gorodezki, Andrey"]
[Black "Palyan, Levon"]
[Result "1-0"]
[Termination "normal"]
[Board "13.2"]
[WhiteElo "1085"]
[BlackElo "880"]
[WhiteTeam "Schachpinguine Berlin"]
[BlackTeam "Segeberger SF"]
[PlyCount "39"]
[BlackFideId "16216440"]
[EventCountry "GER"]
[EventRounds "7"]
[EventType "team-swiss"]
[EventDate "2016.12.27"]

1. e4 e5 2. Nf3 Nc6 3. d4 exd4 4. Nxd4 Nxd4 5. Qxd4 Bd6 6. Qxg7 Bb4+ 7. Nc3
Bxc3+ 8. bxc3 Qf6 9. Bh6 Qxh6 10. Qxh8 Kf8 11. Qd4 d6 12. Bc4 Be6 13. e5 Rd8
14. O-O d5 15. Qc5+ Ke8 16. Bb5+ c6 17. Bd3 Qg7 18. Rfe1 Bh3 19. g3 Qg4 20.
Rad1 1-0

[Event "DVM U10 2016"]
[Site "Magdeburg GER"]
[Date "2016.12.28"]
[Round "5"]
[White "Staubus, Noah"]
[Black "Nguyen, Duc Minh"]
[Result "0-1"]
[Termination "normal"]
[Board "13.3"]
[WhiteElo "1007"]
[BlackElo "851"]
[WhiteTeam "Segeberger SF"]
[BlackTeam "Schachpinguine Berlin"]
[PlyCount "72"]
[WhiteFideId "34690271"]
[EventCountry "GER"]
[EventRounds "7"]
[EventType "team-swiss"]
[EventDate "2016.12.27"]

1. e4 e5 2. Nf3 Nc6 3. d4 f6 4. dxe5 Nxe5 5. Nxe5 fxe5 6. Bc4 Nf6 7. O-O Bc5 8.
Nc3 c6 9. Bg5 d6 10. Qf3 Qe7 11. Rad1 Bg4 12. Qxg4 h5 13. Qf3 b5 14. Bb3 a5 15.
a3 a4 16. Ba2 b4 17. Ne2 Rf8 18. Bxf6 Rxf6 19. Qxh5+ g6 20. Qh8+ Rf8 21. Qh6
bxa3 22. Qxg6+ Rf7 23. Bxf7+ Qxf7 24. Qxf7+ Kxf7 25. bxa3 Bxa3 26. Ng3 Bb2 27.
Ne2 Ba3 28. Ng3 Bb2 29. Ne2 Ba3 30. Rd3 Bb2 31. Rxd6 Ra6 32. Rfd1 c5 33. Rd8
Ke7 34. R1d7+ Ke6 35. Rh7 a3 36. Rh6+ Ke7 0-1

[Event "DVM U10 2016"]
[Site "Magdeburg GER"]
[Date "2016.12.28"]
[Round "5"]
[White "Hoffmann, Lucas"]
[Black "Onat, Elias Levent"]
[Result "0-1"]
[Termination "normal"]
[Board "13.4"]
[WhiteElo "853"]
[BlackElo "600"]
[WhiteTeam "Schachpinguine Berlin"]
[BlackTeam "Segeberger SF"]
[PlyCount "46"]
[EventCountry "GER"]
[EventRounds "7"]
[EventType "team-swiss"]
[EventDate "2016.12.27"]

1. e4 e5 2. Nf3 Nc6 3. Bc4 Bc5 4. d3 Nf6 5. Nc3 d6 6. Bg5 h6 7. Bxf6 Qxf6 8.
O-O O-O 9. Qe2 Bg4 10. Nd5 Qg6 11. Bb5 Nd4 12. Ne7+ Kh7 13. Nxg6 Nxe2+ 14. Kh1
Kxg6 15. Rae1 Nf4 16. Nh4+ Kh7 17. h3 Be2 18. Rg1 Bxf2 19. Rxe2 Nxe2 20. Nf3
Bxg1 21. Nxg1 Ng3+ 22. Kh2 Nf1+ 23. Kh1 c6 0-1

[Event "DVM U10 2016"]
[Site "Magdeburg GER"]
[Date "2016.12.28"]
[Round "5"]
[White "Schulemann, Gero"]
[Black "Müller, Linus"]
[Result "1-0"]
[Termination "normal"]
[Board "14.1"]
[WhiteElo "1605"]
[BlackElo "1156"]
[WhiteTeam "USV Halle"]
[BlackTeam "Hamburger SK 2"]
[PlyCount "47"]
[WhiteFideId "16227646"]
[BlackFideId "16245946"]
[EventCountry "GER"]
[EventRounds "7"]
[EventType "team-swiss"]
[EventDate "2016.12.27"]

1. e4 c5 2. c3 d5 3. exd5 Qxd5 4. d4 cxd4 5. cxd4 Nc6 6. Nf3 Bg4 7. Nc3 Qd7 8.
h3 Bxf3 9. Qxf3 Nxd4 10. Qd1 Nf6 11. Be3 Nf5 12. Bb5 Nxe3 13. Bxd7+ Nxd7 14.
fxe3 Rd8 15. Qa4 e6 16. O-O Bc5 17. Rfe1 a6 18. Ne4 Be7 19. Rad1 f5 20. Nd6+
Bxd6 21. Rxd6 Ke7 22. Red1 Nc5 23. Qh4+ Kf7 24. Rxd8 1-0

[Event "DVM U10 2016"]
[Site "Magdeburg GER"]
[Date "2016.12.28"]
[Round "5"]
[White "Kölmel, Lukas"]
[Black "Natebus, Wenzel"]
[Result "1-0"]
[Termination "normal"]
[Board "14.2"]
[WhiteElo "600"]
[BlackElo "955"]
[WhiteTeam "Hamburger SK 2"]
[BlackTeam "USV Halle"]
[PlyCount "72"]
[BlackFideId "34600787"]
[EventCountry "GER"]
[EventRounds "7"]
[EventType "team-swiss"]
[EventDate "2016.12.27"]

1. e4 e5 2. Nf3 Nc6 3. Bc4 Bb4 4. O-O Nf6 5. d3 O-O 6. Bg5 h6 7. Bh4 d6 8. c3
Bc5 9. b4 Bb6 10. a4 a5 11. b5 Nb8 12. Nbd2 Bg4 13. Qc2 Qd7 14. Bxf6 gxf6 15.
Nh4 f5 16. Qc1 fxe4 17. Nxe4 Kg7 18. Ng3 Qe7 19. Ngf5+ Bxf5 20. Nxf5+ Kf6 21.
Nxe7 Kxe7 22. Qxh6 Nd7 23. Qd2 Rh8 24. Rfe1 Rh7 25. d4 Rah8 26. h3 Rg8 27. Qd3
Rhg7 28. g3 Rh8 29. g4 Rgh7 30. Re3 Nf6 31. Kf1 Kd7 32. Qf5+ Ke7 33. Qf3 e4 34.
Ke2 Kd7 35. Qxf6 Rh6 36. Qxf7+ Kc8 1-0

[Event "DVM U10 2016"]
[Site "Magdeburg GER"]
[Date "2016.12.28"]
[Round "5"]
[White "Sultanaliev, Akbar"]
[Black "Malchereck, Zion"]
[Result "1/2-1/2"]
[Termination "normal"]
[Board "14.3"]
[WhiteElo "777"]
[BlackElo "924"]
[WhiteTeam "USV Halle"]
[BlackTeam "Hamburger SK 2"]
[PlyCount "52"]
[BlackFideId "16269233"]
[EventCountry "GER"]
[EventRounds "7"]
[EventType "team-swiss"]
[EventDate "2016.12.27"]

1. e4 e5 2. Nf3 Nf6 3. Nxe5 Qe7 4. d4 d6 5. Nf3 Nxe4 6. Qe2 Bg4 7. h3 Bxf3 8.
Qxf3 Ng3+ 9. Qe3 Qxe3+ 10. Bxe3 Nxh1 11. Nc3 Be7 12. Nb5 Bd8 13. O-O-O O-O 14.
Re1 Nc6 15. Bc4 Nxf2 16. Bxf2 Bg5+ 17. Be3 Bxe3+ 18. Rxe3 a6 19. Nxc7 Rac8 20.
Nd5 Nxd4 21. Ne7+ Kh8 22. Nxc8 Rxc8 23. Bxf7 Nf5 24. Re1 h6 25. Be6 Rf8 26. Rf1
g6 1/2-1/2

[Event "DVM U10 2016"]
[Site "Magdeburg GER"]
[Date "2016.12.28"]
[Round "5"]
[White "Miranda Martin, Pablo Mateo"]
[Black "Müller, Helene"]
[Result "1/2-1/2"]
[Termination "normal"]
[Board "15.1"]
[WhiteElo "1001"]
[BlackElo "1182"]
[WhiteTeam "SV 1947 Walldorf"]
[BlackTeam "TSV Kitzscher"]
[PlyCount "115"]
[BlackFideId "16240456"]
[EventCountry "GER"]
[EventRounds "7"]
[EventType "team-swiss"]
[EventDate "2016.12.27"]

1. e4 c5 2. Nf3 d6 3. d4 cxd4 4. Nxd4 Nf6 5. Nc3 g6 6. Bg5 Bg7 7. Bc4 Nc6 8.
Be3 Bd7 9. Qd2 Ng4 10. O-O Nxe3 11. fxe3 O-O 12. Rae1 e6 13. Ndb5 Be8 14. Qxd6
Qxd6 15. Nxd6 Bd7 16. Bb3 Rfd8 17. Nxb7 Rdb8 18. Nd6 Na5 19. Rxf7 Nxb3 20. axb3
Bc6 21. Rf2 Rd8 22. Nc4 Rf8 23. Rf4 Rf7 24. Ref1 Raf8 25. Nd6 Rd7 26. e5 Rdd8
27. Rxf8+ Rxf8 28. Rxf8+ Kxf8 29. Nc4 Kf7 30. g3 g5 31. Na5 Ba8 32. Nc4 Kg6 33.
g4 h5 34. gxh5+ Kxh5 35. Kf2 Kg4 36. Ne2 Kf5 37. Nd4+ Ke4 38. Nxe6 Bxe5 39.
Nxe5 Kxe5 40. Nxg5 Kf5 41. Nf7 Kg4 42. b4 Kh3 43. b5 Kxh2 44. c4 Kh3 45. Ne5
Kh4 46. c5 Kg5 47. c6 Kf5 48. Nf7 Ke6 49. Ng5+ Kd5 50. e4+ Kc5 51. e5 Kxb5 52.
Ke3 Kxc6 53. Kd4 Kd7 54. Kc5 Bb7 55. b4 Ke7 56. b5 Kd7 57. b6 axb6+ 58. Kxb6
1/2-1/2

[Event "DVM U10 2016"]
[Site "Magdeburg GER"]
[Date "2016.12.28"]
[Round "5"]
[White "Hick, Richard"]
[Black "Kögel, Fabio"]
[Result "1-0"]
[Termination "normal"]
[Board "15.2"]
[WhiteElo "1009"]
[BlackElo "989"]
[WhiteTeam "TSV Kitzscher"]
[BlackTeam "SV 1947 Walldorf"]
[PlyCount "30"]
[WhiteFideId "16269403"]
[EventCountry "GER"]
[EventRounds "7"]
[EventType "team-swiss"]
[EventDate "2016.12.27"]

1. e4 e5 2. Nf3 Nc6 3. d4 Nf6 4. Nc3 Bb4 5. Bd3 exd4 6. e5 dxc3 7. Rb1 cxb2+ 8.
Bd2 Bxd2+ 9. Qxd2 Nd5 10. O-O O-O 11. Rxb2 Qe7 12. Re1 Qa3 13. c4 Ndb4 14. Rb3
Qxa2 15. Qxa2 Nxa2 {nicht mehr nachvollziehbar} 1-0

[Event "DVM U10 2016"]
[Site "Magdeburg GER"]
[Date "2016.12.28"]
[Round "5"]
[White "Gan, Lukas Wentao"]
[Black "Ottlik, Marie"]
[Result "1/2-1/2"]
[Termination "normal"]
[Board "15.3"]
[WhiteElo "960"]
[BlackElo "909"]
[WhiteTeam "SV 1947 Walldorf"]
[BlackTeam "TSV Kitzscher"]
[PlyCount "47"]
[BlackFideId "16281730"]
[EventCountry "GER"]
[EventRounds "7"]
[EventType "team-swiss"]
[EventDate "2016.12.27"]

1. e4 e5 2. Nf3 Nc6 3. Bb5 Bc5 4. Nc3 Nf6 5. d3 h6 6. Be3 Bb6 7. Qd2 d6 8. h3
Be6 9. O-O-O Qd7 10. Kb1 O-O-O 11. Rhe1 Kb8 12. d4 a6 13. Ba4 Rhe8 14. d5 Ba5
15. dxe6 fxe6 16. Qd3 d5 17. Ne2 Bxe1 18. Rxe1 d4 19. Bd2 b5 20. Bxb5 axb5 21.
Qxb5+ Ka7 22. Qc5+ Kb7 23. Qb5+ Ka8 24. Qa6+ 1/2-1/2

[Event "DVM U10 2016"]
[Site "Magdeburg GER"]
[Date "2016.12.28"]
[Round "5"]
[White "Müller, Josef"]
[Black "Storz, Leonard"]
[Result "1-0"]
[Termination "normal"]
[Board "15.4"]
[WhiteElo "864"]
[BlackElo "767"]
[WhiteTeam "TSV Kitzscher"]
[BlackTeam "SV 1947 Walldorf"]
[PlyCount "43"]
[WhiteFideId "16246993"]
[BlackFideId "16247400"]
[EventCountry "GER"]
[EventRounds "7"]
[EventType "team-swiss"]
[EventDate "2016.12.27"]

1. e4 e5 2. f4 exf4 3. Nf3 Nf6 4. Nc3 d6 5. d4 Bg4 6. Bc4 Nc6 7. Bxf4 Be7 8.
O-O O-O 9. Qd2 Re8 10. d5 Nb8 11. Bb5 c6 12. dxc6 bxc6 13. Bc4 Qd7 14. Ng5 Be6
15. Qd3 g6 16. e5 dxe5 17. Bxe5 Rf8 18. Bxe6 fxe6 19. Qh3 Bc5+ 20. Kh1 a6 21.
Bxf6 Be7 22. Qxh7# 1-0

[Event "DVM U10 2016"]
[Site "Magdeburg GER"]
[Date "2016.12.28"]
[Round "5"]
[White "Behr, Julian"]
[Black "Niemann, Leon"]
[Result "0-1"]
[Termination "normal"]
[Board "16.1"]
[WhiteElo "1023"]
[BlackElo "1423"]
[WhiteTeam "SC Landskrone"]
[BlackTeam "Hannover 96"]
[PlyCount "30"]
[WhiteFideId "16255410"]
[BlackFideId "16218388"]
[EventCountry "GER"]
[EventRounds "7"]
[EventType "team-swiss"]
[EventDate "2016.12.27"]

1. e4 e5 2. Nc3 Nc6 3. Bb5 g6 4. d3 Bg7 5. Nf3 Nf6 6. Be3 b6 7. O-O O-O 8. Qd2
Re8 9. Bh6 Bh8 10. h3 Bb7 11. Rfe1 a6 12. Bc4 b5 13. Bb3 Na5 14. Qe3 Nxb3 15.
axb3 Rc8 {nicht mehr nachvollziehbar} 0-1

[Event "DVM U10 2016"]
[Site "Magdeburg GER"]
[Date "2016.12.28"]
[Round "5"]
[White "Janovskij, Konstantin"]
[Black "Kinsky, Leonhard"]
[Result "1-0"]
[Termination "normal"]
[Board "16.2"]
[WhiteElo "1361"]
[BlackElo "929"]
[WhiteTeam "Hannover 96"]
[BlackTeam "SC Landskrone"]
[PlyCount "41"]
[WhiteFideId "16225252"]
[BlackFideId "16255429"]
[EventCountry "GER"]
[EventRounds "7"]
[EventType "team-swiss"]
[EventDate "2016.12.27"]

1. e4 e5 2. Nc3 Bc5 3. Nf3 Nc6 4. Nxe5 Nxe5 5. d4 Bxd4 6. Qxd4 d6 7. Bf4 c5 8.
Bb5+ Bd7 9. Qxd6 Bxb5 10. Qxe5+ Qe7 11. Nxb5 Qxe5 12. Bxe5 O-O-O 13. Nd6+ Rxd6
14. Bxd6 Nf6 15. e5 Nd5 16. O-O Rf8 17. c4 Nb6 18. e6 Nxc4 19. exf7 Rxf7 20.
Rfd1 Nxd6 21. Rxd6 1-0

[Event "DVM U10 2016"]
[Site "Magdeburg GER"]
[Date "2016.12.28"]
[Round "5"]
[White "Püschel-Esparza, Mateo"]
[Black "Safranski, Gregor"]
[Result "0-1"]
[Termination "normal"]
[Board "16.3"]
[WhiteElo "787"]
[BlackElo "600"]
[WhiteTeam "SC Landskrone"]
[BlackTeam "Hannover 96"]
[PlyCount "92"]
[BlackFideId "34641572"]
[EventCountry "GER"]
[EventRounds "7"]
[EventType "team-swiss"]
[EventDate "2016.12.27"]

1. f4 c6 2. Nf3 g6 3. e3 Bg7 4. Bc4 e6 5. O-O Nf6 6. c3 d5 7. Be2 Ne4 8. d3 Nd6
9. e4 O-O 10. exd5 cxd5 11. Nbd2 Nc6 12. d4 Qb6 13. b3 Ne7 14. Ba3 Nef5 15. Rb1
Ne3 16. Qe1 Nxf1 17. Qxf1 Bd7 18. Bxd6 Qxd6 19. c4 Qxf4 20. Qd1 Bxd4+ 21. Nxd4
Qxd4+ 22. Kh1 Qb6 23. cxd5 exd5 24. Qe1 Rab8 25. Qg3 Be6 26. Bh5 d4 27. Be2 Bf5
28. Rc1 Ra8 29. Bf3 Rab8 30. Bd5 Ra8 31. Nc4 Qa6 32. h3 Rac8 33. Bxb7 Qxa2 34.
Bxc8 Bxc8 35. Nd6 Be6 36. Qf3 Bxb3 37. Qf4 d3 38. Qg4 d2 39. Kh2 dxc1=Q 40. Nf5
Bd5 41. Ne7+ Kg7 42. Qd4+ Kh6 43. Qf4+ Kg7 44. Qd4+ f6 45. Nf5+ Kh8 46. Qxf6+
Rxf6 0-1

[Event "DVM U10 2016"]
[Site "Magdeburg GER"]
[Date "2016.12.28"]
[Round "5"]
[White "Bangiev, Anton"]
[Black "Kalina, Emil"]
[Result "1-0"]
[Termination "normal"]
[Board "16.4"]
[WhiteElo "600"]
[BlackElo "727"]
[WhiteTeam "Hannover 96"]
[BlackTeam "SC Landskrone"]
[PlyCount "79"]
[WhiteFideId "16267222"]
[EventCountry "GER"]
[EventRounds "7"]
[EventType "team-swiss"]
[EventDate "2016.12.27"]

1. d4 e6 2. Nf3 Bb4+ 3. c3 Bd6 4. Bg5 f6 5. Bh4 g5 6. Bg3 Bxg3 7. hxg3 e5 8.
dxe5 fxe5 9. Nxe5 d6 10. Nf3 Bg4 11. Nbd2 Bxf3 12. Nxf3 g4 13. Nh2 Nf6 14. f3
Qc8 15. e3 Nh5 16. fxg4 Nxg3 17. Rg1 Nxf1 18. Rxf1 Qd8 19. Qd4 Qh4+ 20. Rf2
Qxh2 21. Qxh8+ Kd7 22. O-O-O Qg3 23. Rdf1 Qxg4 24. Qxh7+ Kc6 25. Qh8 Qe4 26.
Rf8 Qxe3+ 27. Kd1 Qd3+ 28. Ke1 Qe3+ 29. Kd1 Qd3+ 30. Ke1 Qe4+ 31. Kd1 Qd5+ 32.
Kc2 Qe4+ 33. Kb3 Qe6+ 34. Kb4 Qd5 35. Rxb8 Qc5+ 36. Kb3 Kb5 37. Qd4 Qc6 38.
Qb4+ Ka6 39. c4 Qxg2 40. Qb5# 1-0

[Event "DVM U10 2016"]
[Site "Magdeburg GER"]
[Date "2016.12.28"]
[Round "5"]
[White "Rathje, Enno"]
[Black "Mantu, Valentin"]
[Result "0-1"]
[Termination "normal"]
[Board "17.2"]
[WhiteElo "840"]
[BlackElo "961"]
[WhiteTeam "Stader SV 2"]
[BlackTeam "SV Empor Erfurt"]
[PlyCount "58"]
[BlackFideId "16278054"]
[EventCountry "GER"]
[EventRounds "7"]
[EventType "team-swiss"]
[EventDate "2016.12.27"]

1. e4 Nc6 2. Nf3 Nf6 3. Nc3 d6 4. Bb5 Bd7 5. d3 e5 6. Be3 g6 7. Qe2 Bg7 8. Qd2
O-O 9. Bh6 Nd4 10. Nxd4 exd4 11. Bxd7 dxc3 12. bxc3 Qxd7 13. O-O Ng4 14. Bf4 c5
15. Qe2 Rfe8 16. h3 Ne5 17. d4 Nc6 18. f3 cxd4 19. cxd4 Nxd4 20. Qd3 Qc6 21.
Qxd4 Bxd4+ 22. Kh2 d5 23. Rad1 Qc4 24. Kg3 Bg7 25. Rc1 dxe4 26. fxe4 Qc3+ 27.
Kg4 Re6 28. Rf3 h5+ 29. Kg5 Qf6# 0-1

[Event "DVM U10 2016"]
[Site "Magdeburg GER"]
[Date "2016.12.28"]
[Round "5"]
[White "Weiß, Oskar"]
[Black "Timofeev, Ben"]
[Result "1-0"]
[Termination "normal"]
[Board "17.3"]
[WhiteElo "934"]
[BlackElo "788"]
[WhiteTeam "SV Empor Erfurt"]
[BlackTeam "Stader SV 2"]
[PlyCount "67"]
[WhiteFideId "16220552"]
[EventCountry "GER"]
[EventRounds "7"]
[EventType "team-swiss"]
[EventDate "2016.12.27"]

1. e4 g6 2. d4 e6 3. Nf3 d5 4. exd5 exd5 5. Nc3 c6 6. Bf4 Bg4 7. Be2 Bd6 8.
Bxd6 Qxd6 9. O-O Nf6 10. Re1 O-O 11. h3 Bxf3 12. Bxf3 h5 13. Qd2 g5 14. Qxg5+
Kh7 15. Ne2 Rg8 16. Qf4 Rd8 17. Qxd6 Rxd6 18. Ng3 Na6 19. Bxh5 Kh6 20. Be2 Nb4
21. Rec1 Re6 22. c3 Na6 23. Bxa6 bxa6 24. Re1 Ne4 25. Nxe4 dxe4 26. Re2 f5 27.
Rae1 Rb8 28. a4 Kg5 29. f3 Kf4 30. Kh2 Kg5 31. c4 c5 32. d5 Re5 33. Rd1 Kf4 34.
d6 1-0

[Event "DVM U10 2016"]
[Site "Magdeburg GER"]
[Date "2016.12.28"]
[Round "5"]
[White "Spehr, Neil"]
[Black "Dornheim, Carl Friedrich"]
[Result "0-1"]
[Termination "normal"]
[Board "18.1"]
[WhiteElo "948"]
[BlackElo "1234"]
[WhiteTeam "Schachakademie Paderborn 2"]
[BlackTeam "Schachzwerge Magdeburg 1"]
[PlyCount "60"]
[BlackFideId "16252314"]
[EventCountry "GER"]
[EventRounds "7"]
[EventType "team-swiss"]
[EventDate "2016.12.27"]

1. d4 d5 2. Bf4 Nf6 3. Nf3 Bg4 4. e3 e6 5. c3 c5 6. Nbd2 Be7 7. Be2 O-O 8. O-O
Nbd7 9. b3 cxd4 10. cxd4 Rc8 11. Rc1 Qa5 12. Rxc8 Rxc8 13. Qb1 Bxf3 14. Nxf3
Ne4 15. Rd1 Nc3 16. Qc2 Qxa2 17. Qxa2 Nxa2 18. Bd3 Nb4 19. Bb5 Nf6 20. Be2 Ne4
21. Ra1 a6 22. Ra4 Nc3 23. Bg5 Bxg5 24. Nxg5 Nxa4 25. bxa4 Rc1+ 26. Bf1 b5 27.
axb5 axb5 28. g3 Nc2 29. Nf3 Rd1 30. Kg2 b4 0-1

[Event "DVM U10 2016"]
[Site "Magdeburg GER"]
[Date "2016.12.28"]
[Round "5"]
[White "Mirschel, Thaddeus"]
[Black "Schäfer, Anton"]
[Result "1-0"]
[Termination "normal"]
[Board "18.2"]
[WhiteElo "1057"]
[BlackElo "901"]
[WhiteTeam "Schachzwerge Magdeburg 1"]
[BlackTeam "Schachakademie Paderborn 2"]
[PlyCount "54"]
[WhiteFideId "16277570"]
[EventCountry "GER"]
[EventRounds "7"]
[EventType "team-swiss"]
[EventDate "2016.12.27"]

1. e4 e6 2. d4 d5 3. e5 c5 4. c3 Qb6 5. Nf3 Nc6 6. b3 Nge7 7. Be3 cxd4 8. cxd4
Qb4+ 9. Qd2 Qb6 10. Bd3 Nb4 11. O-O Nxd3 12. Qxd3 Nf5 13. Ng5 Nxe3 14. fxe3 Bd7
15. Nc3 Bb4 16. Nxf7 Rg8 17. a3 Bxc3 18. Qxc3 Rc8 19. Nd6+ Ke7 20. Rf7+ Kd8 21.
Nxc8 Bxc8 22. Rc1 Bd7 23. Qc5 Qxc5 24. Rxc5 Be8 25. Rxb7 a6 26. Rbc7 Bd7 27. a4
Ke7 1-0